Countries that Start with L - Statistics

General Stats
  • This quiz has been taken 43 times
  • The average score is 7 of 9
Answer Stats
Answer % Correct
Latvia
95%
Lithuania
95%
Libya
81%
Luxembourg
81%
Laos
78%
Liberia
76%
Lebanon
73%
Lesotho
73%
Liechtenstein
73%
No matching quizzes found
Score Distribution
Percent of People with Each Score
Percentile by Number Answered
Your Score History
You have not taken this quiz